000 00553nas a22001457a 4500
999 _c1167
_d1167
008 130225t20009999ag ||||| |||| 00| 0 spa d
022 _a0325-6421
245 _aComahue Médico
260 _aGeneral Roca:
_bColegio Médico de General Roca,
_c2000
300 _av. :
546 _aespañol
590 _aExistencias: 2000 30(165-170); 2001 31(171-175); 2002 32(177-179); 2003 33(180,183,184); 2004 34(185); 2005 35(192); 2006 36(200-202); 2007 37(203-208); 2008 38(209-210) BAJA DEPOSITO (CAJA 28) JUNIO 2019
653 _aMEDICINA
942 _2ddc
_cCR